Quizz Teenwolf S1 - Statistiques

Statistiques générales
  • Ce quiz a été pris 560 fois
  • Le résultat moyen est 8 sur 10
Statistiques - réponses
Question Réponse % Correct
Comment s'appelle le héro ? Scott
100%
Comment s'appelle sa copine dans cette saison ? Alisson
99%
Comment se nomme sa mère ? Melissa
98%
Quel est le nom de son meilleur ami ? Stiles
98%
Comment s'appelle son patron ? Deaton
96%
Comment s'appelle le méchant ? Peter Hale
94%
Comment on sait si sa copine ment ? Elle touche son sourcil
89%
Comment s'appelle son entraineur qui casse son téléphone ? Derek
83%
Combien y a t'il d'épisodes ? 12
52%
Comment s'appelle le père de sa copine ? Christopher
27%
Aucun quiz correspondant
Distribution des résultats
% des personnes avec chaque résultat
Percentile par nombre de réponses
Votre historique - résultats
Vous n’avez pas pris ce quiz